Angel del desierto /

Ilya Cazés (1966), investigador teatral y dramaturgo mexicano. Nació en la ciudad de México. Cursó sus estudios superiores de literatura dramática en la Universidad Nacional Autónoma de México y el la Universidad Autónoma de Chihuahua. Realizó un postgrado en la Universidad de Perpiñán, Francia. Ha...

وصف كامل

محفوظ في:
التفاصيل البيبلوغرافية
المؤلف الرئيسي: Cazés, Ilya (autor)
التنسيق: كتاب
اللغة:الإسبانية
منشور في: Chihuahua, México : Gobierno del Estado de Chihuahua, Instituto Chihuahuense de la Cultura, 1998, c1998
سلاسل:(Solar. Premios Chihuahua)
الموضوعات:
الوسوم: إضافة وسم
لا توجد وسوم, كن أول من يضع وسما على هذه التسجيلة!

MARC

LEADER 00000nam^a2200000^a^4500
001 000146958
005 20250521000000.0
009 20260310095929.87
020 |a 968-6862-18-8 
037 |a Acervo ITESO - Biblioteca 
041 |a ESP 
082 |a 862.  |b CAZ 
100 |a Cazés, Ilya  |e (autor) 
245 1 0 |a Angel del desierto /  |c I. Cazés. 
264 4 |a Chihuahua, México :  |b Gobierno del Estado de Chihuahua, Instituto Chihuahuense de la Cultura,  |c 1998, c1998 
300 |a 94 p. 
336 |a texto  |b txt  |2 rdacontenido 
337 |a sin mediación  |b n  |2 rdamedio 
338 |a volumen  |b nc  |2 rdasoporte 
440 1 |a (Solar.  |p Premios Chihuahua) 
520 |a Ilya Cazés (1966), investigador teatral y dramaturgo mexicano. Nació en la ciudad de México. Cursó sus estudios superiores de literatura dramática en la Universidad Nacional Autónoma de México y el la Universidad Autónoma de Chihuahua. Realizó un postgrado en la Universidad de Perpiñán, Francia. Ha recibido el Premio Punto de Partida en 1993 de la UNAM, la Muestra Estatal de Teatro en 1996 y el Premio Chihuahua en la categoría de literatura en 1997. Entre su obra dramática están: Sombras del alma; Vacíos; Una estrella más; Así que pasen quinientos años (1993); Papacito, pásame la sal de uvas (1996) y Angel del desierto (1998); sus tesis Análisis del texto dramático; El metateatro en la dramaturgia mexicana contemporánea; además de varios artículos críticos sobre teatro mexicano publicados en suplementos culturales de periódicos y en revistas. 
649 |a XX 
650 |a Teatro Mexicano 
650 |a Literatura Mexicana -  |y Siglo XX 
910 |a Fondo General 
920 |a Impresos - Libros 
930 |a Colección General 
940 |a Literatura 
905 |a 101 
901 |a 0500076662  |b IT1  |c LIT  |u 20250521 
902 |a https://opac.biblio.iteso.mx/vufind/Record/000146958